000 01422nam a22003137a 4500
999 _c63836
_d63836
005 20240530110701.0
008 171225s2016 ua a g b 000 0dara d
017 _a2015/16925
_bمصر. دار الكتب
020 _a9789779203959
040 _aEG-CaGPL
_cEG-CaGPL
082 0 4 _221
_a331.13\
_bد ش
100 1 _aديلون ، نافتيج
245 1 0 _aشباب الشرق الاوسط :
_bجيل يترقب ووعود لا تتحقق /
_cتحرير نافتيج ديلون ، طارق يوسف ؛ ترجمة نادية جمال الدين ، السيد يوسف عبدالغنى .
250 _aط.1
260 _aالقاهرة :
_bالمركز القومى للترجمة ،
_c2016 .
300 _a437 ص. ؛
_c24 سم.
490 _aالمركز القومى للترجمة ؛
_v2415
650 0 7 _2qrmak
_aالشباب فى الشرق الاوسط
650 0 7 _2qrmak
_aالتنمية البشرية
_zاليمن
650 0 7 _2qrmak
_aالشباب
_zمصر
650 0 7 _2qrmak
_aالشباب
_zسوريا
650 0 7 _2qrmak
_aالترجمة الشفهية
651 0 7 _2qrmak
_aالشرق الاوسط
_xالاحوال السياسية
700 0 _aطارق يوسف
_eمحرر مشارك
700 0 _aنادية جمال الدين
_eمترجم
700 0 _aالسيد يوسف عبدالغنى
_eمترجم مشارك
942 _2ddc
_cBK